000 00548cam a22002054a 4500
005 20250605164152.0
008 250528s ||||||||||||||||||||||||d
035 _a19433
020 _a9604110128
040 _aGR-AtMCL
_bgre
_dGR-AtMCL
_eAACR2
245 1 _aΕΦΑΡΜΟΓΕΣ ΣΤΟ ΔΙΑΔΙΚΤΥΟ WWW
250 _a1
260 _bΊων,
_c2000
300 _a190
700 1 _aΓλαμπεδακης Μιχαλης
_95682
700 1 _aΖωγραφακη Ρομινα
_95683
942 _cBK
999 _c4689
_d4689